ბათუმის შოთა რუსთაველის სახელმწიფო უნივერსიტეტის ბიბლიოთეკა

Supporting Families of Children With Developmental Disabilities : (ბიბ.ჩანაწერი № 58134)

000 -LEADER
fixed length control field 00881nam a22001937a 4500
005 - DATE AND TIME OF LATEST TRANSACTION
control field 20210624135225.0
008 - FIXED-LENGTH DATA ELEMENTS--GENERAL INFORMATION
fixed length control field 210624s2016 enk||||| |||| 00| 0 eng d
020 ## - INTERNATIONAL STANDARD BOOK NUMBER
International Standard Book Number 9780199743070
041 ## - LANGUAGE CODE
Language code of text/sound track or separate title eng
080 ## - UNIVERSAL DECIMAL CLASSIFICATION NUMBER
Universal Decimal Classification number 364.694 W-14
100 ## - MAIN ENTRY--PERSONAL NAME
Personal name Wang, Mian
9 (RLIN) 12116
245 ## - TITLE STATEMENT
Title Supporting Families of Children With Developmental Disabilities :
Remainder of title Evidence-based and Emerging Practices /
Statement of responsibility, etc. Mian Wang, George H. S. Singer.
264 ## - PRODUCTION, PUBLICATION, DISTRIBUTION, MANUFACTURE, AND COPYRIGHT NOTICE
Place of production, publication, distribution, manufacture Oxford :
Name of producer, publisher, distributor, manufacturer University Press,
Date of production, publication, distribution, manufacture, or copyright notice 2016.
300 ## - PHYSICAL DESCRIPTION
Extent 355 p.
Other physical details 23 cm.
653 ## - INDEX TERM--UNCONTROLLED
keyword განვითარების შეზღუდული შესაძლებლობის მქონე ბავშვების ოჯახების დახმარება
653 ## - INDEX TERM--UNCONTROLLED
keyword Поддержка семей детей с отклонениями в развитии
700 ## - ADDED ENTRY--PERSONAL NAME
Personal name Singer, George H. S.
9 (RLIN) 12117
942 ## - ADDED ENTRY ELEMENTS (KOHA)
Source of classification or shelving scheme
Koha item type წიგნი
ეგზემპლარები
Withdrawn status Lost status Source of classification or shelving scheme Damaged status Not for loan Permanent Location Current Location Shelving location Date acquired Cost, normal purchase price Full call number Barcode Date last seen Copy number Price effective from Koha item type Public note
          ბათუმის შოთა რუსთაველის სახელმწიფო უნივერსიტეტის მთავარი ბიბლიოთეკა ბათუმის შოთა რუსთაველის სახელმწიფო უნივერსიტეტის მთავარი ბიბლიოთეკა წიგნსაცავი 2021-06-24 227.00 364.694 W-14 61419 2021-06-24 61419 2021-06-24 წიგნი 227 ლ.